Rückblick 2024 - Länder zuordnen (Asien & Ozeanien) - Statistiken

Allgemein
  • Dieses Quiz wurde 39 mal gespielt
    31 seit der letzten Aktualisierung
  • Das Durchschnittsergebnis liegt bei 10 aus 15
Antwortstatistiken
Hint Antwort % Korrekt
Beginnt mit dem Bau einer neuen Megacity namens "Neom", die die Bandstadt "The Line" beinhaltet. Saudi-Arabien
85%
Nachdem der langjährige Diktator Baschar al-Assad gestürzt ist, wird eine neue Flagge eingeführt. Syrien
85%
Hier ruft der Präsident Yoon Suk-yeol kurzzeitig das Kriegsrecht aus. Südkorea
81%
Asiatisches Land mit den meisten Medaillen bei den Olympischen Spielen. China
78%
Dieses Land startet eine Bodenoffensive in den Libanon. Israel
78%
Unterzeichnet ein Militärbündnis mit Russland und sendet Truppen in die Ukraine. Nordkorea
78%
Der Azerbaijan-Airlines-Flug 8243 stürzt hier ab, über die Hälfte der Passagiere stirbt. Kasachstan
74%
Gukesh Dommaraju, der mit 18 Jahren die Schach-Weltmeisterschaft gewinnt, stammt aus diesem Land. Indien
67%
Schafft es nicht wie geplant, seine Hauptstadt nach Nusantara zu verschieben. Indonesien
67%
Durch Explosionen von Pagern werden Tausende verletzt. Libanon
67%
Der Aktienmarkt erreicht endlich das Niveau von 1989 – eine Zeitspanne von 35 Jahren ohne Gewinn. Japan
56%
Mit einer Magnitude von 7,3 ereignet sich ein Erdbeben in der Nähe dieses Inselstaates. Vanuatu
56%
Premierministerin Hasina Wajed tritt nach landesweiten Protesten zurück. Bangladesch
52%
Hamas-Anführer Ismail Haniyya wird bei einem Anschlag getötet. Iran
48%
Beim Enga-Erdrutsch sterben bis zu 2000 Menschen. Papua-Neuguinea
44%
Keine übereinstimmenden Quizze gefunden
Verteilung der Resultate
Anzahl Personen mit jedem Resultat
Perzentil nach korrekt beantworteten Fragen
Ihre Resultats-Entwicklung
Sie haben dieses Quiz seit der letzten Aktualisierung nicht gespielt